Archibald Václav Novák : hříšná exotika /

Hlavní autor: Šejbl, Jan, 1982-
Jazyk: Čeština
Vydáno: Praha : Národní muzeum, 2020
Témata:
Fyzický popis: 238 stran, 64 nečíslovaných stran obrazových příloh : ilustrace (některé barevné), mapy, portréty, faksimile ; 24 cm
Language note: České a anglické resumé
Knihy
Uloženo v:
LEADER 03160cam a2200865 i 4500
001 nkc20203260787
003 CZ PrNK
005 20210511091421.0
007 ta
008 210120s2020 xr abcff 001 0bcze d
015 |a cnb003260787 
020 |a 978-80-7036-654-7  |q (vázáno) 
035 |a (OCoLC)1250249418 
040 |a CBA001  |b cze  |d BOA001  |d OLA001  |e rda 
041 0 |a cze  |b cze  |b eng 
043 |a e-xr---  |a x------ 
045 |a w9x7 
072 7 |a 821.162.3.09  |x Česká literatura (o ní)  |2 Konspekt  |9 11 
072 7 |a 929  |x Biografie  |2 Konspekt  |9 8 
080 |a 821.162.3-051  |2 MRF 
080 |a 910.4-051  |2 MRF 
080 |a 821.162.3-3  |2 MRF 
080 |a 7.04  |2 MRF 
080 |a 82.091  |2 MRF 
080 |a 316.72-028.76  |2 MRF 
080 |a 316.73(5)  |2 MRF 
080 |a 82-992  |2 MRF 
080 |a 910.4  |2 MRF 
080 |a 929  |2 MRF 
080 |a (437.3)  |2 MRF 
080 |a (100)  |2 MRF 
080 |a (048.8)  |2 MRF 
080 |a (092)  |2 MRF 
100 1 |a Šejbl, Jan,  |d 1982-  |7 mzk2008448561  |4 aut 
245 1 0 |a Archibald Václav Novák :  |b hříšná exotika /  |c Jan Šejbl 
246 3 0 |a Hříšná exotika 
264 1 |a Praha :  |b Národní muzeum,  |c 2020 
300 |a 238 stran, 64 nečíslovaných stran obrazových příloh :  |b ilustrace (některé barevné), mapy, portréty, faksimile ;  |c 24 cm 
336 |a text  |b txt  |2 rdacontent 
336 |a statický obraz  |b sti  |2 rdacontent 
337 |a bez média  |b n  |2 rdamedia 
338 |a svazek  |b nc  |2 rdacarrier 
504 |a Obsahuje bibliografie, bibliografické odkazy a rejstřík 
546 |a České a anglické resumé 
600 1 7 |a Novák, A. V.,  |d 1895-1979  |7 jk01090538  |2 czenas 
648 7 |a 20. století  |7 ch460558  |2 czenas 
648 4 |a 1895-1979 
650 0 7 |a čeští spisovatelé  |7 ph128175  |y 20. století  |2 czenas 
650 0 7 |a cestovatelé  |7 ph119109  |z Česko  |y 20. století  |2 czenas 
650 0 7 |a česká próza  |7 ph116861  |y 20. století  |2 czenas 
650 0 7 |a náměty, témata a motivy  |7 ph138485  |2 czenas 
650 0 7 |a literární inspirace  |7 ph381209  |2 czenas 
650 0 7 |a exotika  |7 ph448223  |2 czenas 
650 0 7 |a orientalismus  |7 ph980411  |2 czenas 
650 0 7 |a cestopisy  |7 ph119108  |z Česko  |y 20. století  |2 czenas 
650 0 7 |a cesty a pobyt  |7 ph137578  |z země světa  |y 20. století  |2 czenas 
650 0 9 |a Czech authors  |y 20th century  |2 eczenas 
650 0 9 |a travellers  |z Czechia  |y 20th century  |2 eczenas 
650 0 9 |a Czech prose literature  |y 20th century  |2 eczenas 
650 0 9 |a themes and motives  |2 eczenas 
650 0 9 |a literary inspiration  |2 eczenas 
650 0 9 |a exoticism  |2 eczenas 
650 0 9 |a orientalism  |2 eczenas 
650 0 9 |a books on travels  |z Czechia  |y 20th century  |2 eczenas 
650 0 9 |a travels and stays  |z countries of the world  |y 20th century  |2 eczenas 
655 7 |a monografie  |7 fd132842  |2 czenas 
655 7 |a biografie  |7 fd131909  |2 czenas 
655 9 |a monographs  |2 eczenas 
655 9 |a biography  |2 eczenas 
910 2 |a BOA001  |b 2-1460.983 
920 |a 1000717  |z CBA001 
990 |a BK 
995 |a 01 
991 |b 202105  |c NOV 
996 6 |b 2610858383  |c 2-1460.983  |l MZK  |r Sklad / do 1 hodiny  |n 0  |p p.v.  |w 001844847  |u 000010  |a 1  |e BOA001  |j MZK50  |s P